| 000 | 01345cam a22003254a 4500 | ||
|---|---|---|---|
| 999 |
_c332176 _d332176 |
||
| 001 | 200413 | ||
| 003 | NUST | ||
| 005 | 20171116122245.0 | ||
| 008 | 990714s2000 flua b 001 0 eng | ||
| 010 | _a 99040624 | ||
| 020 | _a0849320585 (alk. paper) | ||
| 035 | _a(DLC) 99040624 | ||
| 040 |
_aDLC _cDLC _dDLC |
||
| 042 | _apcc | ||
| 050 | 0 | 0 |
_aTD193.4 _b.M67 1999 |
| 082 | 0 | 0 |
_a628.5 MOR _221 |
| 100 | 1 |
_aMorrison, Robert D. _96459 |
|
| 245 | 1 | 0 |
_aEnvironmental forensics : _bprinciples & applications / _cRobert D. Morrison. |
| 260 |
_aBoca Raton : _bCRC Press, _cc2000. |
||
| 300 |
_a351 p. : _bill. (some col.) ; _c24 cm. |
||
| 500 | _aH.B | ||
| 504 | _aIncludes bibliographical references and index. | ||
| 650 | 0 |
_aEnvironmental forensics. _96460 |
|
| 650 | 0 |
_aSolvents _xEnvironmental aspects. _96461 |
|
| 650 | 0 |
_aOrganochlorine compounds _xEnvironmental aspects. _96462 |
|
| 650 | 0 |
_aPetroleum chemicals _xEnvironmental aspects. _96463 |
|
| 650 | 0 |
_aHydrocarbons _xEnvironmental aspects. _96464 |
|
| 650 | 0 |
_aGroundwater flow. _92324 |
|
| 856 | 4 | 2 |
_3Publisher description _uhttp://www.loc.gov/catdir/enhancements/fy0646/99040624-d.html |
| 906 |
_a7 _bcbc _corignew _d1 _eocip _f19 _gy-gencatlg |
||
| 942 |
_2ddc _cBK _kIESE |
||